00291nam a2200109Ia 4500008004100000100001800041245005300059260002900112650001500141942000800156999001700164190216s9999||||xx |||||||||||||| ||und|| aThomas Mathew 0aWorld Study English-English-Malayalam Dictionery bDeepthi Publishing House aReferences cREF c35454d35454